Secret strength : (Record no. 3314)
[ view plain ]
| 000 -LEADER | |
|---|---|
| fixed length control field | 00810pam a2200265 a 4500 |
| 001 - CONTROL NUMBER | |
| control field | 118160 |
| 003 - CONTROL NUMBER IDENTIFIER | |
| control field | GBCCL |
| 005 - DATE AND TIME OF LATEST TRANSACTION | |
| control field | 20241126110452.0 |
| 008 - FIXED-LENGTH DATA ELEMENTS--GENERAL INFORMATION | |
| fixed length control field | 880330s1988 oruaf b 001 0 eng |
| 010 ## - | |
| -- | 88012053 |
| 020 ## - INTERNATIONAL STANDARD BOOK NUMBER | |
| International Standard Book Number | 0880702389 : |
| Terms of availability | $14.95 |
| 035 ## - SYSTEM CONTROL NUMBER | |
| System control number | (OCoLC)ocm17841094 |
| 040 ## - CATALOGING SOURCE | |
| Original cataloging agency | DLC |
| Transcribing agency | DLC |
| Modifying agency | BAKER |
| 049 ## - | |
| -- | LBBK |
| 050 0# - | |
| -- | BV4832.2 |
| -- | .T3 1988 |
| 082 0# - DEWEY DECIMAL CLASSIFICATION NUMBER | |
| Classification number | 248.34 |
| -- | 248.4 |
| Edition information | 19 |
| Item number | TAD |
| 090 ## - LOCALLY ASSIGNED LC-TYPE CALL NUMBER (OCLC); LOCAL CALL NUMBER (RLIN) | |
| Classification number (OCLC) (R) ; Classification number, CALL (RLIN) (NR) | BV4832.2 |
| Local cutter number (OCLC) ; Book number/undivided call number, CALL (RLIN) | .T3 1988 |
| 100 1# - MAIN ENTRY--PERSONAL NAME | |
| Personal name | Tada, Joni Eareckson. |
| 9 (RLIN) | 5550 |
| 245 10 - TITLE STATEMENT | |
| Title | Secret strength : |
| Remainder of title | for those who search / |
| Statement of responsibility, etc. | Joni Eareckson Tada. |
| 260 ## - PUBLICATION, DISTRIBUTION, ETC. | |
| Place of publication, distribution, etc. | Portland, Or. : |
| Name of publisher, distributor, etc. | Multnomah, |
| Date of publication, distribution, etc. | c1988. |
| 300 ## - PHYSICAL DESCRIPTION | |
| Extent | 368 p., [4] leaves of plates : |
| Other physical details | col. ill. ; |
| Dimensions | 24 cm. |
| 504 ## - BIBLIOGRAPHY, ETC. NOTE | |
| Bibliography, etc. note | Includes bibliographical references (p. 363) and index. |
| 650 #0 - SUBJECT ADDED ENTRY--TOPICAL TERM | |
| Topical term or geographic name entry element | Meditations. |
| 9 (RLIN) | 1412 |
| 942 ## - ADDED ENTRY ELEMENTS (KOHA) | |
| Source of classification or shelving scheme | Dewey Decimal Classification |
| Koha item type | Books |
| Withdrawn status | Lost status | Source of classification or shelving scheme | Damaged status | Not for loan | Home library | Current Library | Shelving location | Date acquired | Total checkouts | Full call number | Barcode | Date last seen | Copy number | Price effective from | Koha item type |
|---|---|---|---|---|---|---|---|---|---|---|---|---|---|---|---|
| Dewey Decimal Classification | GRACE BIBLE COLLEGE | GRACE BIBLE COLLEGE | Ministry & Mission | 2017-11-24 | 248.34 TAD | 008405 | 2025-05-01 | c.1 | 2017-11-24 | Books |